000 01452nam a2200349 i 4500
001 70328
003 Mx-PuUPA
005 20230703123256.0
008 230629s2022 sz ad fr 000 0 eng d
020 _a9783030813536
_qempastado
024 7 _2doi
_a10.1007/978-3-030-81354-3
040 _aMx-PuUPA
_bspa
_cMx-PuUPA
_dMx-PuUPA
_erda
041 0 _aeng
100 1 _aMukundan, R.,
_914406
_eautor
245 1 0 _a3D mesh processing and character animation :
_bwith examples using OpenGL, OpenMesh and Assimp /
_cRamakrishnan Mukundan
246 3 _aTres d mesh processing and character animation :
_bwith examples using openGL, openMesh and Assimp.
264 1 _aSwitzerland, AG :
_bSpringerNature Switzerland AG,
_c2022
300 _axii, 201 páginas :
_bilustraciones, gráficas, tablas ;
_c24 cm
336 _2rdacontent
_atexto
_btxt
337 _2rdamedia
_asin medio
_bn
338 _2rdacarrier
_avolumen
_bnc
650 7 _2armarc
_aAnimación por computadora
650 7 _2armarc
_aSistemas de visualización tridimensionales
650 7 _2armarc
_aGráficos por computadora interactivos
650 7 _2armarc
_aLenguajes de modelado (Computadoras)
650 7 _2armarc
_aSimulación por computadoras
942 _2ddc
_cLI
_h006.696
_iM9536
999 _c70328
_d70328